LDR 01067naa#a2200253#i#450# 001 RU\\bibl\108800 005 20260416051756.4 011 ## _a2308-4057 100 ## _a20260325b2026####ek#y0rusy0150####ca 101 0# _aENG 102 ## _aRU 200 1# _aWhey and water-ethanol solution as extractants of biologically active substances: Comparative analysis _eЖурнальная статья 210 1# _aКемерово _cКемеровский государственный университет _d2026 215 ## _a10 с. 608 ## _aЖурнальная статья _2local 675 ## _aХимическая технология. Химическая промышленность. Пищевая промышленность. Металлургия. Родственные отрасли. 66 _zENG 700 #1 _aStepanova _gAnna A. 700 #1 _aMitina _gAlice D. 700 #1 _aVelichkovich _gNatalia S. 700 #1 _aKozlova _gOksana V. 700 #1 _aLarichev _gTimothy A. 700 #1 _aProskuryakova _gLarisa A. 700 #1 _aMartirosyan _gVladimir V. 856 4# _azh-szf.ru _u